PNL y Comunicación: La Programación Neurolingüística, la cultura de la organización y su dimensión creativa /

"La PNL y la psicología cognitiva han abierto nuevos caminos para comprender el fenómeno de la comunicación en las organizaciones. Esta obra nos acerca esos aportes con su habitual estilo orientado hacia la acción, con ejemplos, casos concretos y consecuencias prácticas".

Wedi'i Gadw mewn:
Manylion Llyfryddiaeth
Prif Awdur: Cudicio, Catherine (autor)
Fformat: Llyfr
Iaith:Sbaeneg
Cyfres:(Management. Alternativa)
Pynciau:
Tagiau: Ychwanegu Tag
Dim Tagiau, Byddwch y cyntaf i dagio'r cofnod hwn!

MARC

LEADER 00000nam^a2200000^a^4500
001 000036789
005 20260323000000.0
009 20260407170109.36
020 |a 950-451-456-5 
037 |a Acervo ITESO - Biblioteca 
041 |a ESP 
082 |a 302. 35  |b CUD 
100 |a Cudicio, Catherine  |e (autor) 
245 1 0 |a PNL y Comunicación: La Programación Neurolingüística, la cultura de la organización y su dimensión creativa /  |c C. Cudicio; tr. por: Graciela Klein. 
264 |a Buenos Aires, Argentina :  |b Granica :  |b Javier Vergara,  |c 1992 
300 |a 241 p. 
336 |a texto  |b txt  |2 rdacontenido 
337 |a sin mediación  |b n  |2 rdamedio 
338 |a volumen  |b nc  |2 rdasoporte 
440 1 |a (Management.  |p Alternativa) 
500 |a Traducción de: PNL et Communication 
520 |a "La PNL y la psicología cognitiva han abierto nuevos caminos para comprender el fenómeno de la comunicación en las organizaciones. Esta obra nos acerca esos aportes con su habitual estilo orientado hacia la acción, con ejemplos, casos concretos y consecuencias prácticas". 
649 |a XX 
650 |a Psicología 
650 |a Administración 
650 |a Comunicación Organizacional 
650 |a Comunicación Personal 
910 |a Fondo General 
920 |a Impresos - Libros 
930 |a Colección General 
905 |a 101 
901 |a 0367890100  |b IT1  |c ACC  |i 036789  |u 20260323 
902 |a https://opac.biblio.iteso.mx/vufind/Record/000036789